| 000 | 01012nam a2200241Ia 4500 | ||
|---|---|---|---|
| 001 | 9983 | ||
| 003 | GE_BSU | ||
| 008 | 181216s||||||||xx |||||||||||||| ||und|| | ||
| 040 | _cGE_BSU | ||
| 080 | _a821.353.1–13 | ||
| 100 | _aრუსთაველი,შოთა | ||
| 245 | _aვეფხისტყაოსანი. | ||
| 245 | _bსაქ.სსრ მეცნ. აკადემია რუსთაველის სახ. ქართული ლიტერ–ს ისტორიის ინ–ტი | ||
| 260 | _aთბილისი | ||
| 260 | _bსახელგამი | ||
| 260 | _c1951 | ||
| 300 | _a411გვ.პორტრ.და ილ.26სმ. | ||
| 300 | _eდანართი გვ.398-399. | ||
| 520 | _aდანართ ლექსიკონი გვ.398-399.რედაქტორისაგან გვ.401-408 | ||
| 653 | _aვეფხისტყაოსანი. | ||
| 653 | _aლირიკული პოემა | ||
| 942 | _cBK | ||
| 999 |
_c43256 _d43256 |
||